| 000 | nam a22 7a 4500 | ||
|---|---|---|---|
| 999 |
_c329281 _d329281 |
||
| 003 | ASAB | ||
| 005 | 20170502134705.0 | ||
| 008 | 170502b xxu||||| |||| 00| 0 eng d | ||
| 020 | _a81-312-0146-5 | ||
| 040 | _cASAB | ||
| 082 | _a628.5 | ||
| 245 |
_aFundamentals of air pollution _cby Richard W. Boubel and others. |
||
| 260 |
_aNew York, _bAcademic Press _c[1973] |
||
| 300 |
_axiv, 574 p. _c27 cm. |
||
| 942 |
_2ddc _cBK |
||